[Event "RUS-ch Higher League (Women) 70th"]
[Site "Sochi"]
[Date "2020.10.14"]
[Round "6"]
[White "Grigorieva, Yulia"]
[Black "Goltseva, Ekaterina"]
[Result "0-1"]
[WhiteElo "2237"]
[BlackElo "2294"]
[PlyCount "186"]
[EventDate "2020.10.08"]
[EventType "swiss"]
[EventRounds "9"]
[EventCountry "RUS"]
[SourceTitle "CBM 198 Extra"]
[Source "ChessBase"]
[SourceDate "2020.11.30"]
[SourceVersion "1"]
[SourceVersionDate "2020.11.30"]
[SourceQuality "1"]

1. e4 e6 2. d4 d5 3. Nc3 Bb4 4. e5 c5 5. a3 Bxc3+ 6. bxc3 Ne7 7. Qg4 Qc7 8. Bd3 cxd4 9. Ne2 dxc3 10. Qxg7 Rg8 11. Qxh7 Qxe5 12. h4 Nd7 13. Bf4 Qf6 14. Bg5 Qh8 15. Qxh8 Rxh8 16. Nxc3 a6 17. h5 f6 18. Be3 Ne5 19. Be2 Bd7 20. f4 N5c6 21. 0-0-0 Rc8 22. g4 f5 23. g5 d4 24. Rxd4 Nxd4 25. Bxd4 Rh7 26. h6 Kf8 27. Bh5 Be8 28. Bxe8 Kxe8 29. Ne2 Ng6 30. c3 Kf8 31. Kb2 Kg8 32. Rf1 Rd7 33. Ng3 b5 34. Nh5 Kf7 35. Nf6 Rdd8 36. Kb3 Rc4 37. Nh5 a5 38. Re1 Rc6 39. Rf1 Rc4 40. Nf6 Rc6 41. h7 b4 42. axb4 axb4 43. Kxb4 Rb8+ 44. Ka5 Rcc8 45. Nd7 Rb2 46. Nb6 Rc7 47. Na4 Rh2 48. Kb6 Rc8 49. Kb7 Re8 50. h8Q Nxh8 51. Nb6 Ng6 52. Nc4 Re7+ 53. Kc6 Rh4 54. Ne5+ Nxe5+ 55. Bxe5 Rh2 56. Rd1 Re8 57. Rd7+ Re7 58. g6+ Ke8 59. g7 Rg2 60. Rd2 Rexg7 61. Rd6 Re7 62. Bf6 Rc2 63. Bxe7 Rxc3+ 64. Kb5 Kxe7 65. Rd4 Kf6 66. Kb4 Rc1 67. Rd2 Rc6 68. Kb5 Rc3 69. Kb4 Rc1 70. Rd3 Kg6 71. Rg3+ Kf7 72. Rd3 Ke7 73. Rc3 Rf1 74. Rc4 Kf6 75. Kc5 e5 76. fxe5+ Kxe5 77. Rc2 Ke4 78. Rc4+ Ke5 79. Rc2 Re1 80. Kc4 Ke4 81. Kc3 Ke3 82. Rh2 f4 83. Rh8 Rc1+ 84. Kb2 Rc5 85. Re8+ Kf2 86. Kb3 f3 87. Kb4 Rc1 88. Rf8 Ke2 89. Re8+ Kf1 90. Rh8 Rc7 91. Rf8 f2 92. Kb3 Rg7 93. Ra8 Kg1 0-1

[Event "RUS-ch Higher League (Women) 70th"]
[Site "Sochi"]
[Date "2020.10.11"]
[Round "4"]
[White "Grigorieva, Yulia"]
[Black "Gunina, Valentina"]
[Result "0-1"]
[WhiteElo "2237"]
[BlackElo "2431"]
[PlyCount "66"]
[EventDate "2020.10.08"]
[EventType "swiss"]
[EventRounds "9"]
[EventCountry "RUS"]
[SourceTitle "CBM 198 Extra"]
[Source "ChessBase"]
[SourceDate "2020.11.30"]
[SourceVersion "1"]
[SourceVersionDate "2020.11.30"]
[SourceQuality "1"]

1. e4 c6 2. d4 d5 3. e5 Bf5 4. Nf3 e6 5. Be2 Nd7 6. 0-0 Ne7 7. Nh4 Be4 8. Nd2 Nf5 9. Nxf5 Bxf5 10. g4 Bg6 11. f4 f6 12. f5 Bf7 13. Nf3 Qb6 14. a4 fxe5 15. a5 Qc7 16. Ng5 exf5 17. gxf5 Nf6 18. dxe5 Bc5+ 19. Kh1 Qxe5 20. Bf4 Qe7 21. Bd3 0-0 22. Re1 Ne4 23. Nxe4 dxe4 24. Bxe4 Rae8 25. Bg2 Qf6 26. Qd7 Rd8 27. Qc7 Qxf5 28. Be5 Rd7 29. Be4 Qxe4+ 30. Rxe4 Rxc7 31. c4 Re7 32. h4 Rfe8 33. Rae1 Bd6 0-1

[Event "RUS-ch Higher League (Women) 70th"]
[Site "Sochi"]
[Date "2020.10.10"]
[Round "3"]
[White "Belenkaya, Dina"]
[Black "Grigorieva, Yulia"]
[Result "0-1"]
[WhiteElo "2297"]
[BlackElo "2237"]
[PlyCount "124"]
[EventDate "2020.10.08"]
[EventType "swiss"]
[EventRounds "9"]
[EventCountry "RUS"]
[SourceTitle "CBM 198 Extra"]
[Source "ChessBase"]
[SourceDate "2020.11.30"]
[SourceVersion "1"]
[SourceVersionDate "2020.11.30"]
[SourceQuality "1"]

1. e4 c5 2. Nf3 e6 3. b3 Nf6 4. e5 Nd5 5. c4 Nc7 6. Bb2 Nc6 7. Nc3 d5 8. exd6 Bxd6 9. Ne4 e5 10. b4 Ne6 11. bxc5 Nxc5 12. Nxd6+ Qxd6 13. d4 exd4 14. Nxd4 0-0 15. Be2 Nxd4 16. Qxd4 Qxd4 17. Bxd4 Ne6 18. Be3 b6 19. a4 Bb7 20. f3 Nc5 21. Ra3 f5 22. Kf2 f4 23. Bd4 Rad8 24. Rd1 Bc6 25. a5 Rfe8 26. Rd2 bxa5 27. Bc3 a4 28. Rxd8 Rxd8 29. Be5 g5 30. Bf6 Rb8 31. Bxg5 Rb3 32. Ra2 Ne6 33. Bf6 Kf7 34. Be5 Re3 35. Bb2 a6 36. g3 Rb3 37. Bd1 Rd3 38. Be2 Rd2 39. Ke1 Rc2 40. c5 a3 41. Rxa3 Rxb2 42. Bxa6 Rxh2 43. gxf4 Nxc5 44. Bc4+ Kf8 45. Ra5 Nd7 46. Be2 Nf6 47. Re5 Nd5 48. Bd3 Nb4 49. Rf5+ Ke7 50. Re5+ Kd6 51. Bf5 Bxf3 52. Re6+ Kd5 53. Re3 Bh1 54. Kf1 Kd4 55. Re7 h5 56. Kg1 Rh4 57. Bg6 Bd5 58. f5 Nd3 59. Kf1 Rh1+ 60. Ke2 Re1+ 61. Kd2 Rxe7 62. f6 Ra7 0-1